Detalles MARC
| 000 -CABECERA |
| campo de control de longitud fija |
00959nam a2200229 a 4500 |
| 001 - NÚMERO DE CONTROL |
| campo de control |
000048040 |
| 005 - FECHA Y HORA DE LA ÚLTIMA TRANSACCIÓN |
| campo de control |
20201002060900.0 |
| 008 - DATOS DE LONGITUD FIJA--INFORMACIÓN GENERAL |
| campo de control de longitud fija |
181109s2018 dr 000 0 spa d |
| 020 ## - NÚMERO INTERNACIONAL ESTÁNDAR DEL LIBRO |
| Número Internacional Estándar del Libro |
9789945503203 |
| 040 ## - FUENTE DE LA CATALOGACIÓN |
| Centro catalogador/agencia de origen |
DO-SdBNP |
| Lengua de catalogación |
spa |
| Centro/agencia transcriptor |
BNPHU |
| 082 ## - NÚMERO DE LA CLASIFICACIÓN DECIMAL DEWEY |
| Número de clasificación |
xxxx |
| 100 1# - ENTRADA PRINCIPAL--NOMBRE DE PERSONA |
| Nombre de persona |
Morales Santos, Francisco, |
| Fechas asociadas al nombre |
1940- |
| 9 (RLIN) |
75544 |
| 245 10 - MENCIÓN DE TÍTULO |
| Título |
Mis manos son tu superficie : |
| Resto del título |
antología de narrativa guatemalteca / |
| Mención de responsabilidad, etc. |
selección y notas de Francisco Morales Santos ; Palabras preliminares Pedro Vergés ; Presentación Francisco Morales Santos. |
| 260 ## - PUBLICACIÓN, DISTRIBUCIÓN, ETC. |
| Lugar de publicación, distribución, etc. |
Santo Domingo : |
| Nombre del editor, distribuidor, etc. |
Nacional, |
| Fecha de publicación, distribución, etc. |
2018. |
| 300 ## - DESCRIPCIÓN FÍSICA |
| Extensión |
449 p. |
| 490 1# - MENCIÓN DE SERIE |
| Mención de serie |
Homenaje |
| -- |
Narrativa |
| Designación de volumen o secuencia |
7 |
| 500 ## - NOTA GENERAL |
| Nota general |
Incluye datos biográficos del autor en la solapa de la cubierta |
| 505 0# - NOTA DE CONTENIDO CON FORMATO |
| Nota de contenido con formato |
Período de La Colonia -- |
| Título |
Período independiente y siglo XIX -- |
| -- |
Siglos XX y XXI. |
| 590 ## - NOTA LOCAL (RLIN) |
| Nota local |
Inventariado, 2018/LP |
| 700 1# - PUNTO DE ACCESO ADICIONAL--NOMBRE DE PERSONA |
| Nombre de persona |
Morales Santos, Francisco, |
| Término indicativo de función/relación |
presentación |
| 9 (RLIN) |
75545 |
| 830 #0 - PUNTO DE ACCESO ADICIONAL DE SERIE-TÍTULO UNIFORME |
| Título uniforme |
Homenaje |
| Nombre de parte o sección de la obra |
Narrativa |
| Designación de volumen o secuencia |
7 |
| 9 (RLIN) |
75546 |